Statistiques concernant Aliments en A

Cliquez ici pour prendre le quiz!

Statistiques générales

  • Ce quiz a été pris 481 fois
  • Le résultat moyen est 8 sur 20

Statistiques - réponses

IndiceAliment% Correct
Petit de la brebis.Agneau
78%
Plante basse semi-pérenne, cultivée en régions tropicales qui fournit un fruit à la pulpe savoureuse. / Gros fruit de cette plante, de forme oblongue, surmonté d'un bouquet foliacé.Ananas
74%
Gros fruit charnu, sucré et savoureux, dont le noyau lisse contient une amande comestible.Abricot
71%
Fruit enfermé dans une coque de goût plus ou moins amer, de forme oblongue, recouverte d’une écale verte.Amande
61%
Plante (liliacée) dont les bulbes (têtes) sont formés de caïeux (gousses) qui ont une odeur forte et un goût piquant.Ail
60%
Poisson serpentiforme au corps visqueux, aux nageoires réduites, capable de respirer hors de l'eau.Anguille
55%
Sorte de mayonnaise à l'ail. / Plat composé de morue et de légumes pochés servi avec cette sauce.Aïoli
54%
Fruit souvent volumineux, allongé et violet, peu nourrissant mais de saveur très caractéristique.Aubergine
54%
Baie comestible en forme de poire, à pulpe fondante, très riche en matières grasses.Avocat
49%
Produit de charcuterie cuite, emballé en boyaux, préparé à partir du gros intestin de porc.Andouillette
40%
Légumineuse annuelle cultivée dans les pays chauds, originaire d'Amérique du Sud, dont la graine est usuellement appelée cacahuète.Arachide
39%
Plante cultivée de la famille des composées, dont l'inflorescence fournit, avant de s'ouvrir, un réceptacle (fond) qui est comestible ainsi que la base des bractées (feuilles).Artichaut
36%
Nom usuel de plusieurs plantes aromatiques utilisées pour la boisson.Anis
30%
Mucilage obtenu à partir d'algues marines originaires des océans Indien et Pacifique, utilisé en cuisine pour la préparation des gelées.Agar-agar
25%
Ombellifère aromatique très voisine du fenouil et dont la graine fournit une essence d'usage pharmaceutique.Aneth
23%
Poisson argenté (engraulidé) voisin du hareng, mais dont la bouche a une forme spéciale.Anchois
22%
Eau-de-vie de vin, d'appellation d'origine contrôlée, fabriquée dans le Gers, les Landes, et le Lot-et-Garonne.Armagnac
21%
Sous-arbrisseau montagnard à baies rouges ou noires. / Fruit de cet arbrisseau, proche de la myrtille.Airelle
20%
Mince tranche de chair prélevée sur le ventre des volailles.Aiguillette
19%
(Boucherie) Nom donné aux muscles obturateurs des bovins, et qui fournissent une viande très tendre.Araignée (de boeuf/de mer)
9%

Distribution des résultats

Percentile par nombre de réponses

% des personnes avec chaque résultat

Votre développement - résultats

Vous n’avez pas pris ce quiz